1218 1702 1417 1314 1188 1379 1695 1762 1851 1703 1194 1060 1256 1019 1383 1036 1711 1536 1403 1373 1639 1215 1679 1176 1965 1576 1012 1040 1477 1051 1028 1461 1827 1867 1848 1821 1993 1821 1012 1200 1876 1136 1412 1156 1236 1749 1296 1003 1206 1353 1110 1540 1209 1773 1357 1199 1749 1120 1511 1050 1485 1011 1008 1904 1887 1268 1430 1098 1168 1862 1844 1759 1396 1754 1156 1654 1603 1422 1682 1825 1583 1564 1901 1653 1533 1596 1575 1970 1234 1878 1527 1033 1198 1741 1782 1448 1659 1377 1675 BCNSPRNW ULIB Ver.6.0+V

เปลี่ยนเป็นภาษาไทย

Change to English
 แสดงรายละเอียดบรรณานุกรม
  กลับหน้าหลัก

Brief Record : Get Marc (ISO 2709) : E-mail record : QR code < ปิดหน้าต่าง
LEADER : 00000nam 2200000uu 4500
001    13399121266
003     ULIB
008    121113sม.ป.||||th 000 0 tha d
020    ^a9786165312875
050  4 ^aPE1271^bต397ส
100    ^aติวเตอร์เม
245    ^aสังคายนา กริยา 3 ช่อง/^cติวเตอร์เม
260    ^aกรุงเทพฯ :^bสำนักพิมพ์ยูเอส แลงเกว็จ,^cม.ป.ป.
300    ^a159 หน้า
650    ^aภาษาอังกฤษ^xการใช้
650  0 ^aภาษาอังกฤษ^xกริยา3ช่อง
945    ^p199^l0^i033037
945    ^p199^l0^i033038
999    ^aทศพร
รายการนี้ยังไม่มีแท็ก
คุณยังไม่ได้ล็อกอิน คุณสามารถมีกิจกรรมร่วมกับเว็บไซต์ได้ แต่ต้องล็อกอินก่อน ::
  ล็อกอิน

รายการสื่อสารสนเทศ

ลำดับที่ ประเภท เลขเรียก/บาร์โค้ด สถานที่ สถานะ
1. วิทยาศาสตร์การแพทย์ และสุขภาพ
หนังสือสำรอง
สถานะ=หนังสือสำรอง
PE1271 ต397ส ฉ.1 
  Barcode: 033037
ห้องสมุดวิทยาเขตสวรรค์ประชารักษ์
►หนังสือทั่วไป
บนชั้น
2. วิทยาศาสตร์การแพทย์ และสุขภาพ
วิทยาศาสตร์การแพทย์ และสุขภาพ
PE1271 ต397ส ฉ.2 
  Barcode: 033038
ห้องสมุดวิทยาเขตสวรรค์ประชารักษ์
►หนังสือทั่วไป
บนชั้น

รายการใกล้เคียง
    ผู้แต่ง [ติวเตอร์เม]

    หัวเรื่อง [ภาษาอังกฤษ การใช้]

BibComment


ยังไม่เคยถูกคอมเมนท์

คอมเมนท์ทรัพยากรรายการนี้
  คอมเมนท์: สังคายนา กริยา 3..


 Copyright 2026. Bcnsprnw @Library